Vista normal
Vista MARC
Entrada Materia (personas)
Número de registros utilizados en: 1
001 - CONTROL NUMBER
- control field: 61039
003 - CONTROL NUMBER IDENTIFIER
- control field: Co-BoUCM
005 - DATE AND TIME OF LATEST TRANSACTION
- control field: 20140514134700.0
008 - FIXED-LENGTH DATA ELEMENTS
- fixed length control field: 140514|| aca||aabn | a|a d
040 ## - CATALOGING SOURCE
- Original cataloging agency: Co-BoUCM
- Transcribing agency: Co-BoUCM
100 ## - HEADING--PERSONAL NAME
- Personal name: Tomasevich, Jozo
- Dates associated with a name: 1908-1994
670 ## - SOURCE DATA FOUND
- Source citation: Work cat.: (Co-BoUCM)242342: Tomasevich, Jozo 1908-1994, War and revolution in Yugoslavia 1941-1945, 2001